Why the boundary of a round drop becomes a curve of order four /

Guardado en:
Autor Principal: Varchenko, Aleksandr Nikolaevich.
Otros Autores: Etingof, Pavel I., 1969-
Formato: Libro
Idioma:English
Russian
Publicado: Providence, R.I. : American Mathematical Society, 1992.
Series:University lecture series (Providence, R.I.) ; 3
Etiquetas: Agregar Etiqueta
Sin Etiquetas, Sea el primero en etiquetar este registro!
LEADER 01005cam a2200265 a 4500
001 MAT.inmabb002525
008 920602s1992####riua#####b####000#0#eng##
005 20130326125739.0
245 1 0 |a Why the boundary of a round drop becomes a curve of order four /  |c A. N. Varchenko and P. I. Etingof. 
260 |a Providence, R.I. :  |b American Mathematical Society,  |c 1992. 
300 |a viii, 72 p. :  |b il. ;  |c 26 cm. 
490 1 |a University lecture series ;  |v v. 3 
504 |a Bibliografía: p. 71-72. 
510 4 |a MR,  |c 93k:58056 
020 |a 0821870025 
100 1 |a Varchenko, Aleksandr Nikolaevich. 
240 1 0 |a Pochemu granitsa krugloi kapli prevrashchaetsia v inversnyi obraz ellipsa?  |l English 
700 1 |a Etingof, Pavel I.,  |d 1969- 
830 0 |a University lecture series (Providence, R.I.) ;  |v 3 
084 |a 58E12 (35J05 53A10)  |2 msc2000 
084 |a 30C99 (31A25 37K10 76S05)  |2 ?? 
010 |a  92020985  
040 |a DLC  |c DLC  |d DLC 
041 1 |a eng  |h rus 
859 |h 58  |i V289  |p A-8182  |b BIB. MATEMATICA